000 00931cab a2200265 4500
001 ABS47135
008 090401t1992 xxu||||| |||| 00| 0 eng d
035 _a(Sirsi) u60910
041 _aeng
245 _aChartered designation - questions of supreme importance
260 _c1992
350 _a0
490 _aCSM (Chartered Surveyor Monthly)
_v2(1) September 1992, 5(1)
520 _aExplores the issue of chartered designation for multi-disciplinary practices prior to the vote at the RICS EGM in October 1992. Hypothetical questions are answered in an exposition of the General Council`s view on the matter.
650 _aRICS BYE-LAWS
650 _aMARKETING
650 _aPROFESSIONAL SERVICES
650 _aREPUTATION
650 _aRICS RULES OF CONDUCT
650 _aSKILLS
650 _aSTANDARDS
690 _aMANAGEMENT-BUSINESS MANAGEMENT-PROFESSIONAL PRACTICE
942 _n0
948 _c04/03/1997
999 _c37662
_d37662